Rainbow Illustrated book of questions and answers:the earth / (Record no. 169169)

MARC details
000 -LEADER
fixed length control field 00735nam a22001937a 4500
005 - DATE AND TIME OF LATEST TRANSACTION
control field 20191107142302.0
010 ## - LCCN (DPL NO)
LC control number B-730878
020 ## - INTERNATIONAL STANDARD BOOK NUMBER
International Standard Book Number 9788181533326
Terms of availability 60.00
035 ## - SYSTEM CONTROL NUMBER
System control number B-730878
037 ## - SOURCE OF ACQUISITION
Stock number dpl
Source of stock number/acquisition Rainbow Books
082 ## - DEWEY DECIMAL CLASSIFICATION NUMBER
Classification number 550
245 ## - TITLE STATEMENT
Title Rainbow Illustrated book of questions and answers:the earth /
260 ## - PUBLICATION, DISTRIBUTION, ETC. (IMPRINT)
Place of publication, distribution, etc Delhi
Name of publisher, distributor, etc Rainbow Books
Date of publication, distribution, etc 2018
270 ## - ADDRESS
Address F-32, Street No.12, Parwana Road, Jagat Puri,
City Delhi
Postal code 110051
300 ## - PHYSICAL DESCRIPTION
Extent 16p.
Dimensions 29cm (pbk)
Other physical details col. ill.
490 ## - SERIES STATEMENT
Series statement Illustrated book of questions and answers
942 ## - ADDED ENTRY ELEMENTS (KOHA)
Source of classification or shelving scheme Dewey Decimal Classification
Item type Children Books
Classification part 550
Call number suffix RAI
Holdings
Withdrawn status Lost status Not for loan Collection code Home library Current library Date acquired Source of acquisition Cost, normal purchase price Full call number Barcode Copy number Cost, replacement price Koha item type
      Non-fiction Kadipur Kadipur 07/11/2019 Gift/ Eng (Ch.) /31.10.2019 60.00 550 RAI B-730878 1 60.00 Children Books

© Delhi Public Library
Hit Counter
free hit counter